00662naa a2200205 a 450000100080000000500110000800800410001910000180006024501380007826000090021665300170022565300180024265300270026065300130028770000200030070000200032070000210034070000200036177300750038111210252014-06-03 2013 bl uuuu u00u1 u #d1 aPIVOTO, F. L. aOcorr??ncia de parasitos gastrointestinais e fatores de risco de parasitismo em gatos dom??sticos urbanos de Santa Maria, RS, Brasil. c2013 aEndoparasita aEpidemiologia aFelis catus domesticus aSanidade1 aLOPES, L. F. D.1 aVOGEL, F. S. F.1 aBOTTON, S. de A.1 aSANGIONI, L. A. tCi??ncia Rural, Santa Maria, RSgv. 43, n. 8, p. 1453-1458, ago. 2013.